000 00705cab a2200253 4500
001 ABS51351
008 090401t1994 xxu||||| |||| 00| 0 eng d
035 _a(Sirsi) u22988
041 _aeng
100 _aMoor, N.
245 _aDesign intervention
260 _c1994
350 _a0
490 _aBuilding
_v259(7859) 9 September 1994, 34(1)
520 _aConsiders the influence of local planning officers on building design.
650 _aAESTHETIC CONTROL
650 _aBUILT ENVIRONMENT-CONSTRUCTION DESIGN
650 _aPLANNING AUTHORITIES
650 _aPLANNING CONTROL
650 _aPPG1
690 _aBUILT ENVIRONMENT-CONSTRUCTION DESIGN
942 _n0
948 _c04/03/1997
999 _c15411
_d15411